Central Library OPAC University of Rajshahi

Cohesion and conflict in modern India / (Record no. 59834)

MARC details
000 -LEADER
fixed length control field 00892nam a2200289 a 4500
001 - CONTROL NUMBER
control field 59834
003 - CONTROL NUMBER IDENTIFIER
rucl marc code BD-RjUL
005 - DATE AND TIME OF LATEST TRANSACTION
control field 20211209080755.0
008 - FIXED-LENGTH DATA ELEMENTS--GENERAL INFORMATION
fixed length control field 161227s1978 ii 00100 eng d
020 ## - INTERNATIONAL STANDARD BOOK NUMBER
International Standard Book Number 0706904834
035 ## - SYSTEM CONTROL NUMBER
System control number (BD-RjUL) 59958
System control number 1754622
040 ## - CATALOGING SOURCE
Original cataloging agency CLONE
Transcribing agency NU
Language of cataloging eng
Modifying agency BD-RjUL
041 ## - LANGUAGE CODE
Language code of text/sound track or separate title eng
082 ## - DEWEY DECIMAL CLASSIFICATION NUMBER
Edition number 23
Classification number 309.154040954
Author mark and year COH 1978
245 00 - TITLE STATEMENT
Title Cohesion and conflict in modern India /
Statement of responsibility, etc. edited by Giri Raj Gupta.
260 ## - PUBLICATION, DISTRIBUTION, ETC. (IMPRINT)
Place of publication, distribution, etc. New Delhi :
Name of publisher, distributor, etc. Vikas,
Date of publication, distribution, etc. c1978.
300 ## - PHYSICAL DESCRIPTION
Pagination xxii, 324 p. ;
Size 2 cm.
500 ## - GENERAL NOTE
General note Includes index.
650 #0 - SUBJECT ADDED ENTRY--TOPICAL TERM
Topical term or geographic name as entry element Caste
Geographic subdivision India.
9 (RLIN) 171678
651 #0 - SUBJECT ADDED ENTRY--GEOGRAPHIC NAME
Geographic name India
General subdivision Social conditions.
9 (RLIN) 171720
Geographic name India
General subdivision Politics and government
Chronological subdivision 1947-
9 (RLIN) 173288
700 1# - ADDED ENTRY--PERSONAL NAME
Personal name Gupta, Giri Raj.
856 ## - ELECTRONIC LOCATION AND ACCESS
Materials specified Main currents in Indian sociology ;
Uniform Resource Identifier <a href="3">3</a>
942 ## - ADDED ENTRY ELEMENTS (KOHA)
Source of classification or shelving scheme Dewey Decimal Classification
Koha item type Books
Holdings
Lost status Source of classification or shelving scheme Damaged status Not for loan Collection code Permanent Location Current Location Shelving location Date acquired Source of acquisition Cost, normal purchase price Total Checkouts Full call number Date last seen Copy number Koha item type
  Dewey Decimal Classification   Not For Loan Non-fiction Central Library, University of Rajshahi Central Library, University of Rajshahi Reading Room 28/09/1978 Indian Int., Calautta 65.00   309.154040954 COH 1978 27/12/2016 C-1 Books